书目信息 |
| 题名: |
新闻作品版权生态体系研究
|
|
| 作者: | 叶文芳 著 | |
| 分册: | ||
| 出版信息: | 北京 清华大学出版社 2025.04 |
|
| 页数: | 169页 | |
| 开本: | 24cm | |
| 丛书名: | 人文日新学术文丛 | |
| 单 册: | ||
| 中图分类: | D923.414 | |
| 科图分类: | ||
| 主题词: | 新闻--作品--著作权--研究--中国 | |
| 电子资源: | ||
| ISBN: | 978-7-302-69153-2 | |
| 000 | 01118nam0 2200265 450 | |
| 001 | 013660703 | |
| 005 | 20251022170121.09 | |
| 010 | @a978-7-302-69153-2@dCNY68.00 | |
| 100 | @a20250617d2025 em y0chiy0120 ea | |
| 101 | 0 | @achi |
| 102 | @aCN@b110000 | |
| 105 | @ay z 001yy | |
| 106 | @ar | |
| 200 | 1 | @a新闻作品版权生态体系研究@9xin wen zuo pin ban quan sheng tai ti xi yan jiu@dOn the copyright ecosystem of works of journalism@f叶文芳著@zeng |
| 210 | @a北京@c清华大学出版社@d2025.04 | |
| 215 | @a169页@d24cm | |
| 225 | 1 | @a人文日新学术文丛 |
| 330 | @a本书梳理互联网语境下的“版权生态”的概念与内涵,构建新闻作品版权生态体系及各层级要素,对中国新闻作品的版权生态进行实证分析,探讨中国新闻作品版权保护的立法、司法、行业实践中存在的问题,从顶层设计和具体路径规划等角度对中国新闻作品版权生态发展提出多元化建议。 | |
| 461 | 0 | @12001 @a人文日新学术文丛 |
| 510 | 1 | @aOn the copyright ecosystem of works of journalism@zeng |
| 606 | 0 | @a新闻@x作品@x著作权@x研究@y中国 |
| 690 | @aD923.414@v5 | |
| 701 | 0 | @a叶文芳@9ye wen fang@4著 |
| 801 | 0 | @aCN@c20250905 |
| 905 | @a河南城建学院图书馆@dD923@eY457@ZY457@f1 | |
| 新闻作品版权生态体系研究=On the copyright ecosystem of works of journalism/叶文芳著.-北京:清华大学出版社,2025.04 |
| 169页;24cm.-(人文日新学术文丛) |
| ISBN 978-7-302-69153-2:CNY68.00 |
| 本书梳理互联网语境下的“版权生态”的概念与内涵,构建新闻作品版权生态体系及各层级要素,对中国新闻作品的版权生态进行实证分析,探讨中国新闻作品版权保护的立法、司法、行业实践中存在的问题,从顶层设计和具体路径规划等角度对中国新闻作品版权生态发展提出多元化建议。 |
| ● |
| 相关链接 |
|
|
|
正题名:新闻作品版权生态体系研究
索取号:D923/Y457
 
预约/预借
| 序号 | 登录号 | 条形码 | 馆藏地/架位号 | 状态 | 备注 |
| 1 | 1631640 | 216316403 | 社科库509/509社科库 91排5列2层/ [索取号:D923/Y457] | 在馆 |